CASE STUDY ON THE SPATIAL DEVELOPMENT IMPACT ASSESSMENT TOOL APPLIED IN THE SPATIAL DEVELOPMENT ENVIRONMENTAL SECURITY ASSESSMENT

Bibliographic Details
Main Authors: Rehak, David (Author), Dvorak, Jiri (Author), Senovsky, Michail (Author), Hrdina, Pavel (Author)
Format: Article
Language:English

MARC

LEADER 00000nab a2200000ua 4500
001 vtls010859228
003 SK-MaSNL
005 20260303135501.0
008 230218s2011 xo |||||||||||||||||eng|
035 |a (urnnbn)urn:nbn:sk:snk:ar-a082qu 
035 |a urn:nbn:sk:snk-ab6hod 
035 |a (uuid)b2939025-de55-4240-971a-7bbf0d85eb8c 
040 |a SNKBUCL  |b slo  |c SNKBUCL  |e AACR2 
041 0 |a eng 
044 |a xo  |c SK 
100 1 |a Rehak, David  |4 aut  |9 712775 
245 1 0 |a CASE STUDY ON THE SPATIAL DEVELOPMENT IMPACT ASSESSMENT TOOL APPLIED IN THE SPATIAL DEVELOPMENT ENVIRONMENTAL SECURITY ASSESSMENT  |c David Rehak, Jiri Dvorak, Michail Senovsky, Pavel Hrdina 
700 1 |a Dvorak, Jiri  |4 aut  |9 315827 
700 1 |a Senovsky, Michail  |4 aut  |9 778284 
700 1 |a Hrdina, Pavel  |4 aut  |9 574075 
773 0 |t Komunikácie : vedecké listy Žilinskej univerzity  |g Roč. 13, č. 2 (2011), s. 32-36 
958 |a OND 
958 |a EUIPO 
958 |a article5 
999 |c 1966118  |d 1968048